| 000 | 00662nam a2200205Ia 4500 | ||
|---|---|---|---|
| 003 | GCL | ||
| 005 | 20240530105319.0 | ||
| 008 | 140319s9999 xx 000 0 ara d | ||
| 040 |
_aGCL / _cGCL |
||
| 082 | 0 | 4 |
_a811.094 _bم ن |
| 100 | 1 | _aمحمد عفيفى مطر | |
| 245 | 1 | 0 |
_aوالنهر يلبس الاقنعة / _cمحمد عفيفى مطر |
| 260 |
_a[القاهرة] : _bالملتقى للانتاج الفنى والثقافى ، _c1994 |
||
| 300 |
_a149 ص؛ _b20سم |
||
| 490 |
_aديوان الملتقى _v0 |
||
| 650 | 0 | 4 | _aالشعر العربى |
| 650 | 0 | 4 | _aالعصر الحديث |
| 650 | 0 | 4 | _aالشعر الحر |
| 942 |
_2ddc _cBK |
||
| 999 |
_c54833 _d54833 |
||